zpět

Detail výsledku týmu

Hasičárna Na Vyhlídce, Ostrava

Datum a čas kvízu

26 Celkem bodů Celkový počet nahraných bodů na tomto kvízu bez doplňovacích otázek.
6. Pořadí na kvízu Konečné umístění týmu na tomto kvízu.

Zaznamenané odpovědi

# Otázka Odpověď Body Výsledky
1. Česká vláda ve středu přijala... anticikanismus 0
2. Překvapení minulý týden neskrý... policie 1
3. Rozhořčení občané jednoho měst... v Táboře 0
4. Patříte-li mezi zákazníky inte... fialová 0
5. Tým Boston Celtics se minulý t... C 0
6. V pěti otázkách tohoto tématu... na 2. stupni 0
7. Jaká je denní dávka kuchyňské... B 1
8. Kala namak je zvláštním druhem... A) černá 0
9. Nejen lidé, ale i zvířata potř... liz 1
10. Chcete-li si užít blahodárného... D) Bad Ischl 0